00497nam a2200181Ia 4500003000900000008004100009020001800050040001600068080001500084100001900099245006500118260003800183300001300221650002200234650001500256650002500271650001900296IN-BaIIA211028s9999 xx 000 0 eng d a0-471-80000-7 cIIA Library a539.1bSMI aSmith, Kenneth 4aThe Calculation of atomic collision processescKenneth Smith aNew YorkbJohn Wiley & Sonsc1971 ax, 218p. aAtomic collisions aCollisions aMolecular collisions aNASA Thesaurus